高校の科目 - Statistics

General Stats
  • This quiz has been taken 510 times
  • The average score is 33 of 56
Answer Stats
Hint Answer % Correct
理科 物理
89%
理科 生物
88%
理科 化学
87%
数学 数学A
87%
数学 数学Ⅰ
86%
数学 数学B
86%
数学 数学Ⅱ
85%
数学 数学Ⅲ
85%
数学 数学C
85%
理科 地学
83%
保健体育 保健
83%
保健体育 体育
83%
芸術 美術Ⅰ
82%
芸術 美術Ⅱ
82%
芸術 美術Ⅲ
82%
芸術 音楽Ⅰ
81%
芸術 音楽Ⅱ
81%
芸術 音楽Ⅲ
81%
理科 化学基礎
79%
理科 物理基礎
78%
理科 生物基礎
78%
情報 情報Ⅰ
77%
情報 情報Ⅱ
77%
その他 総合的な探究の時間
74%
理科 地学基礎
73%
芸術 書道Ⅰ
69%
芸術 書道Ⅱ
69%
芸術 書道Ⅲ
69%
社会 歴史総合
64%
社会 地理総合
63%
社会 倫理
61%
社会 公共
53%
外国語 英語コミュニケーションⅠ
53%
外国語 英語コミュニケーションⅡ
53%
外国語 英語コミュニケーションⅢ
53%
国語 現代の国語
51%
社会 政治・経済
51%
国語 言語文化
49%
社会 世界史探究
46%
社会 日本史探究
45%
社会 地理探究
43%
家庭 家庭基礎
43%
国語 論理国語
42%
国語 古典探究
31%
外国語 論理・表現Ⅰ
29%
外国語 論理・表現Ⅱ
29%
外国語 論理・表現Ⅲ
29%
国語 文学国語
27%
芸術 工芸Ⅰ
21%
芸術 工芸Ⅱ
21%
芸術 工芸Ⅲ
21%
理科 科学と人間生活
15%
家庭 家庭総合
15%
国語 国語表現
12%
理数 理数探究
10%
理数 理数探究基礎
4%
No matching quizzes found
Score Distribution
Percent of People with Each Score
Percentile by Number Answered
Your Score History
You have not taken this quiz